000 01350cam a2200157 4500500
005 20251214001959.0
041 _afre
042 _adc
100 1 0 _aBlanchard, Sophie
_eauthor
700 1 0 _aEstebanez, Jean
_eauthor
700 1 0 _aRipoll, Fabrice
_eauthor
245 0 0 _aGéographie sociale : Approches, concepts, exemples
260 _bArmand Colin,
_c2021.
520 _aLa géographie sociale s’intéresse aux pratiques et aux représentations sociales, plus largement aux expériences vécues, inséparables des rapports sociaux. Elle conçoit l’espace comme une dimension du monde social, et non comme quelque chose qui lui serait extérieur. Cette approche fournit une grille de lecture de nos sociétés en considérant à la fois les espaces matériels, les espaces institutionnels et les espaces vécus.Cet ouvrage, véritable initiation à la géographie sociale, en présente les principaux apports théoriques, les grands concepts et les méthodes. Assorti de nombreux exemples, il en expose certains thèmes classiques (comme la ségrégation résidentielle ou les migrations) et d’autres moins investis (comme le travail ou les mobilisations) pour mieux saisir les grands enjeux sociaux du monde contemporain.
856 4 1 _uhttps://shs.cairn.info/geographie-sociale--9782200627355?lang=fr&redirect-ssocas=7080
999 _c1566638
_d1566638